00981nam a2200181 a 450000100100000000500170001000800410002704000250006808200150009324501020010826001020021030000200031270000310033295201280036395201720049195201190066399900170078200002898920200930055248.0110413s1997 dr r 000 0 spa d aDO-SdBNPbspacBNPHU axxxxbS17300aSalomé Ureña :ben el centenario de su muerte 1897-1997 /cpresentación Glagys Gutiérrez. a[Santo Domingo] :bDirección General de Promoción de la Mujer :bEduc-Mujer :bSEEBAC,c1997. a43 p. ;c22 cm.1 aGutiérrez, Glagys955914 001054708DSaGRbGRcHDd2018-06-13iLF1l0oxxxx S173p28989-30r2020-06-25te. 3w2020-06-25yLFDSZPréstamo en sala 0010718PDaPDbPDcHDd2011-04-13iLF1l0oxxxx S173p28989-10r2020-06-25w2020-06-25yLFPDzPerteneció a la biblioteca personal de Lourdes Delgado.ZNo se presta 0010718PDaPDbPDcHDd2011-04-13iLF1l0oxxxx S173p28989-20r2020-06-25te. 2w2020-06-25yLFPDZNo se presta c28481d28481